000 003190000a22001450004500
003 MACL
040 _aMACL
090 _c32731
_d32729
100 _aBright, P S
245 _aUnique Letter Writing for everyone
260 _bBright Careers Institute
350 _a30
650 _aLinguistics
942 _cBOOK
_k419/BRI
999 _c32396
_d32396